000 00905nam a2200229 a 4500
001 74154
003 BD-RjUL
005 20211209082513.0
008 180311s2012 bg ||||| |||| 000 0 ben d
020 _a984701505498
_cTk. 150.00
035 _a(BD-RjUL)74372
040 _aBD-RjUL
_beng
_cBD-RjUL
041 _aben
082 _223
_a297.242
_bTAA 2012
100 1 _aতারিক, মোঃ হাসান
_9220474
245 1 0 _aআল্লাহর বিভিন্ন প্রকার সৃষ্টি সম্পর্কে চিন্তাভাবনা /
_cমোঃ হাসান তারিক (রানা)
260 _aঢাকা :
_bঅনন্যা ,
_c২০১২
300 _a৯৬ পৃ. ;
_c২২ সে্মি.
650 _aসৃষ্টিতত্ব
_vইসলাম
_9124968
650 _acosmogony
_vIslam
_9220475
942 _2ddc
_cBK
999 _c74154
_d74154